000 00423nam a2200193Ia 4500
001 12068
003 GE_BSU
008 181216s||||||||xx |||||||||||||| ||und||
040 _cGE_BSU
080 _a821.111-312.4
100 _aSteel,Danielle
245 _aMatters of the heart
260 _aGreat Britain.
260 _bBCA.
260 _c2009.
300 _a341p;20cm.
653 _aMatters of the heart
942 _cBK
999 _c45245
_d45245